| 000 | 00898nam a22002417a 4500 | ||
|---|---|---|---|
| 999 |
_c4979 _d4979 |
||
| 003 | AR-CdUCM | ||
| 008 | 190311b ||||| |||| 00| 0 spa d | ||
| 040 |
_aMUNICIPALIDAD PROVINCIAL DEL CUSCO _cBIBLIOTECA MUNICIPAL DEL CUSCO |
||
| 041 | _heng | ||
| 082 |
_a301.6 / _bA76 |
||
| 100 |
_aAronovici, Carol _915252 |
||
| 245 | _aLa construcción de la comunidad / | ||
| 260 |
_aBuenos Aires : _bUniversitaria de Buenos Aires, _c1965. |
||
| 300 |
_a337 paginas ; _c22 cm. |
||
| 505 | _aPueblo y comunidades -- Dimensiones: humanas y comunales -- El hombre, la comunidad y el plan -- La planificación y la síntesis del conocimiento y la experiencia humana ... | ||
| 650 |
_aComunidades _97021 |
||
| 650 |
_aEducación y planificación _915253 |
||
| 650 |
_aRegionalismo _95410 |
||
| 650 |
_aFinanzas _94496 |
||
| 700 |
_aMasera, Rubén (traductor) _915254 |
||
| 942 |
_2ddc _cLIBROS |
||
| 945 | _aacv | ||